[Event "XXV Festival A"]
[Site "Arco ITA"]
[Date "2003.10.24"]
[Round "7"]
[White "Giuriato, Sergio"]
[Black "Bossoni, Mario"]
[Result "1/2-1/2"]
[WhiteElo "2029"]
[BlackElo "1966"]
[PlyCount "53"]
[EventDate "2003.10.18"]

1.Nf3 d5 2.d4 Nf6 3.c4 e6 4.Nc3 Be7 5.Bg5 O-O 6.e3 Nbd7 7.Rc1 b6 8.cxd5 
exd5 9.Bd3 Bb7 10.O-O Rc8 11.Qe2 c5 12.dxc5 bxc5 13.Rfd1 Qb6 14.e4 dxe4 
15.Nxe4 Rfe8 16.Bxf6 Nxf6 17.Ng3 Bd6 18.Qc2 Bxg3 19.hxg3 h6 20.Re1 Rxe1+ 
21.Rxe1 Rd8 22.Bc4 Bd5 23.Bxd5 Rxd5 24.Re5 Qd6 25.Rxd5 Qxd5 26.b3 Ne4 27.
Kf1 1/2-1/2

[Event "XXV Festival A"]
[Site "Arco ITA"]
[Date "2003.10.24"]
[Round "7"]
[White "Grigore, George-Gabriel"]
[Black "Ortega, Lexy"]
[Result "1-0"]
[WhiteElo "2485"]
[BlackElo "2462"]
[PlyCount "63"]
[EventDate "2003.10.18"]

1.d4 d5 2.c4 c6 3.Nf3 Nf6 4.Nc3 e6 5.e3 Nbd7 6.Qc2 a6 7.c5 e5 8.Be2 g6 9.
dxe5 Ng4 10.e4 Ndxe5 11.Nxe5 Nxe5 12.exd5 cxd5 13.Bf4 Bg7 14.Rd1 Be6 15.
Qa4+ Nc6 16.Bd6 b5 17.Qf4 g5 18.Qg3 Nd4 19.O-O Nf5 20.Qf3 g4 21.Qxg4 Bxc3 
22.bxc3 Nxd6 23.Qd4 Rg8 24.cxd6 Qxd6 25.c4 bxc4 26.Bxc4 Rd8 27.Bd3 Bh3 28.
Rfe1+ Kf8 29.g3 Bg4 30.Rb1 h5 31.Rb6 Qd7 32.Bh7 1-0

[Event "XXV Festival A"]
[Site "Arco ITA"]
[Date "2003.10.24"]
[Round "7"]
[White "Happel, Hendrik A."]
[Black "De Napoli, Giuseppe"]
[Result "1-0"]
[WhiteElo "2237"]
[BlackElo "2159"]
[PlyCount "179"]
[EventDate "2003.10.18"]

1.d4 Nf6 2.c4 g6 3.Nc3 Bg7 4.e4 d6 5.Nf3 O-O 6.Be2 e5 7.d5 a5 8.O-O Na6 9.
Bg5 h6 10.Bh4 Nc5 11.Nd2 Bd7 12.Rb1 Qe8 13.b3 Nh7 14.f3 f5 15.a3 g5 16.Bf2
f4 17.b4 axb4 18.axb4 Na6 19.c5 Qg6 20.c6 bxc6 21.dxc6 Be6 22.Bc4 Bxc4 23.
Nxc4 Nf6 24.b5 Qf7 25.Qe2 Nc5 26.b6 Na4 27.Nb5 Nxb6 28.Nxb6 cxb6 29.Nxd6 
Qe6 30.Nf5 Kh8 31.Rxb6 Ra2 32.Qb5 Ne8 33.c7 Nxc7 34.Qc5 Qd7 35.Rb7 Rc8 36.
Nd6 Rd8 37.Nb5 Rb2 38.Rxc7 Qxb5 39.Qe7 Rg8 40.Rc5 Qd3 41.Rd5 Qc2 42.h3 Rb1
43.Rxb1 Qxb1+ 44.Kh2 Qf1 45.Bc5 Qe1 46.Rd7 Qg3+ 47.Kh1 Qe1+ 48.Bg1 Qg3 49.
Qf7 Qh4 50.Qg6 Qe1 51.Re7 Qh4 52.Re6 Ra8 53.Qf7 Rf8 54.Qe7 Ra8 55.Rg6 Rg8 
56.Qd6 Kh7 57.Re6 Qe1 58.Re7 Kh8 59.Re6 Kh7 60.Qd7 Kh8 61.Rd6 Qg3 62.Qb7 
Qe1 63.Qb6 Kh7 64.Rd7 Kh8 65.Qb2 Re8 66.Rd2 Ra8 67.Re2 Qf1 68.Rf2 Qe1 69.
Qd2 Qb1 70.Qc2 Qe1 71.Rd2 Kh7 72.Qd1 Qh4 73.Bf2 Qh5 74.Rd7 Qe8 75.Qd5 Qb8 
76.Qf7 Ra1+ 77.Kh2 Qg8 78.Qf5+ Kh8 79.Rd5 Ra8 80.Bc5 Qc8 81.Rxe5 Bxe5 82.
Qxe5+ Kh7 83.Qe7+ Kg6 84.Bd4 Qf8 85.Qe6+ Kh7 86.Qd7+ Kg6 87.Qe6+ Kh7 88.
Bf6 Re8 89.Qf5+ Kg8 90.Qg6+ 1-0

[Event "XXV Festival A"]
[Site "Arco ITA"]
[Date "2003.10.24"]
[Round "7"]
[White "Karpatchev, Aleksandr"]
[Black "Di Paolo, Raffaele"]
[Result "1-0"]
[WhiteElo "2459"]
[BlackElo "2325"]
[PlyCount "51"]
[EventDate "2003.10.18"]

1.e4 c5 2.c3 e6 3.d4 d5 4.e5 Qb6 5.Nf3 Bd7 6.Na3 Nh6 7.Bd3 cxd4 8.cxd4 Nc6
9.O-O Nb4 10.Bb1 Rc8 11.Re1 Be7 12.Nc2 Nxc2 13.Bxc2 Nf5 14.a3 h6 15.g3 g5 
16.Bxf5 exf5 17.e6 Bxe6 18.Ne5 Kf8 19.Bd2 Bf6 20.Qh5 Kg7 21.Bc3 Rhe8 22.
Rad1 Rcd8 23.f4 Rh8 24.g4 Bxe5 25.Rxe5 f6 26.gxf5 1-0

[Event "XXV Festival A"]
[Site "Arco ITA"]
[Date "2003.10.24"]
[Round "7"]
[White "Korneev, Oleg"]
[Black "Blagojevic, Dragisa"]
[Result "1-0"]
[WhiteElo "2559"]
[BlackElo "2521"]
[PlyCount "121"]
[EventDate "2003.10.18"]

1.e4 e5 2.Nf3 Nc6 3.Bb5 a6 4.Ba4 Nf6 5.O-O Be7 6.Re1 b5 7.Bb3 d6 8.c3 O-O 
9.d4 Bg4 10.Be3 exd4 11.cxd4 d5 12.e5 Ne4 13.Nc3 Nxc3 14.bxc3 Qd7 15.Bc2 
Bh5 16.Qb1 Bg6 17.a4 Rab8 18.axb5 axb5 19.Bg5 Bxc2 20.Qxc2 Nd8 21.Bxe7 
Qxe7 22.Qb3 Qd7 23.Nh4 Ne6 24.Nf5 Nf4 25.Ne3 c6 26.Qb1 f6 27.Qf5 Qxf5 28.
Nxf5 Rbe8 29.Ra7 fxe5 30.Ne7+ Kh8 31.Rxe5 Ng6 32.Nxg6+ hxg6 33.f4 Kh7 34.
h4 Ra8 35.Rxa8 Rxa8 36.Re6 b4 37.Rxc6 Rb8 38.cxb4 Rxb4 39.Kf2 Rxd4 40.Ke3 
Rd1 41.Rd6 Rh1 42.g3 Rd1 43.Rd8 Rg1 44.Kf3 Rd1 45.Kg4 Rd3 46.Rd6 Rd1 47.
Kg5 Rg1 48.g4 d4 49.Rxd4 Ra1 50.Rd5 Rb1 51.h5 gxh5 52.Kxh5 Rb6 53.f5 g6+ 
54.fxg6+ Kg7 55.Rd7+ Kg8 56.Kh6 Rb8 57.Rd6 Rf8 58.g5 Re8 59.g7 Rc8 60.Rf6 
Rd8 61.Rf8+ 1-0

[Event "XXV Festival A"]
[Site "Arco ITA"]
[Date "2003.10.24"]
[Round "7"]
[White "Kort, Jacob"]
[Black "Rossi, Giampiero"]
[Result "1-0"]
[WhiteElo "2224"]
[BlackElo "2040"]
[PlyCount "69"]
[EventDate "2003.10.18"]

1.d4 d5 2.c4 e6 3.Nc3 c6 4.e3 Nf6 5.Nf3 Nbd7 6.Be2 Be7 7.O-O O-O 8.b3 b6 
9.Qc2 Bb7 10.Rd1 Qc7 11.Bb2 Rac8 12.Bd3 Rfd8 13.Rac1 Qb8 14.Ne5 Nxe5 15.
dxe5 Ng4 16.Bxh7+ Kf8 17.cxd5 cxd5 18.Qe2 Nxe5 19.Qh5 Nd7 20.Bd3 Bf6 21.
Rc2 Ke7 22.Qe2 Kf8 23.Rdc1 Kg8 24.Qh5 Nf8 25.Ba3 g6 26.Qd1 Kg7 27.h3 Nd7 
28.Nb5 Rxc2 29.Rxc2 Ne5 30.Be2 Nc6 31.Qc1 a6 32.Nc3 Rc8 33.Na4 Qa7 34.Bd6 
Ne7 35.Bxe7 1-0

[Event "XXV Festival A"]
[Site "Arco ITA"]
[Date "2003.10.24"]
[Round "7"]
[White "Levin, Felix"]
[Black "Cebalo, Miso"]
[Result "1/2-1/2"]
[WhiteElo "2481"]
[BlackElo "2486"]
[PlyCount "76"]
[EventDate "2003.10.18"]

1.d4 Nf6 2.c4 e6 3.Nc3 c5 4.d5 exd5 5.cxd5 d6 6.e4 g6 7.Nge2 Bg7 8.Ng3 O-O
9.Be2 Na6 10.O-O Nc7 11.a4 a6 12.Bg5 h6 13.Be3 Rb8 14.Qd2 Kh7 15.f3 Re8 
16.Rab1 b5 17.axb5 Nxb5 18.Bxb5 axb5 19.b4 Ba6 20.Rb3 Nd7 21.Rfb1 Ne5 22.
Bf2 Qf6 23.Qd1 c4 24.Ra3 Nd3 25.Be3 Bc8 26.Nge2 Qh4 27.g3 Qh5 28.Nf4 Nxf4 
29.Bxf4 Bh3 30.Bxd6 Rb7 31.Bc5 f5 32.d6 Rf7 33.e5 f4 34.Nd5 Bxe5 35.Nxf4 
Bxf4 36.gxf4 Bc8 37.d7 Bxd7 38.Ra7 Rd8 1/2-1/2

[Event "XXV Festival A"]
[Site "Arco ITA"]
[Date "2003.10.24"]
[Round "7"]
[White "Miatello, Alberto"]
[Black "Sautto, Alessandra"]
[Result "1-0"]
[WhiteElo "2046"]
[BlackElo "1964"]
[PlyCount "127"]
[EventDate "2003.10.18"]

1.e4 e6 2.d4 d5 3.e5 c5 4.c3 Qb6 5.Nf3 Bd7 6.a3 cxd4 7.cxd4 Bb5 8.Bxb5+ 
Qxb5 9.Nc3 Qa6 10.Qa4+ Qxa4 11.Nxa4 Nd7 12.b4 b5 13.Nc5 Nxc5 14.bxc5 Ne7 
15.O-O Nc6 16.Bd2 Be7 17.Rfb1 Rb8 18.a4 b4 19.a5 Bd8 20.a6 O-O 21.Ne1 Nxd4
22.Bxb4 Nc6 23.Bc3 Be7 24.Nd3 Rfc8 25.Rb7 Rxb7 26.axb7 Rb8 27.Ra6 Rxb7 28.
Rxc6 Rb3 29.Rc8+ Bf8 30.Be1 Rxd3 31.c6 Rd1 32.Kf1 Rc1 33.Ke2 Rc4 34.c7 h6 
35.Bb4 Rxc7 36.Rxf8+ Kh7 37.Kd3 Rb7 38.Bc3 Kg6 39.Ra8 Kf5 40.f3 h5 41.Rh8 
g6 42.g3 Rc7 43.h3 Rb7 44.Rh7 Rd7 45.Ke3 Rb7 46.g4+ Kg5 47.f4+ Kh4 48.gxh5
gxh5 49.Be1+ Kxh3 50.Rxh5+ Kg4 51.Rg5+ Kh3 52.Rg3+ Kh4 53.Rg7+ Kh5 54.Rg5+
Kh6 55.Kf3 Rb3+ 56.Kg4 Rb1 57.Bf2 a5 58.Bc5 a4 59.Bf8+ Kh7 60.Rg7+ Kh8 61.
Rxf7 d4 62.Rd7 Rd1 63.Kg5 d3 64.Kg6 1-0

[Event "XXV Festival A"]
[Site "Arco ITA"]
[Date "2003.10.24"]
[Round "7"]
[White "Papale, Carmelo"]
[Black "Astengo, Marcello"]
[Result "0-1"]
[WhiteElo "1740"]
[BlackElo "2066"]
[PlyCount "82"]
[EventDate "2003.10.18"]

1.e4 e6 2.d4 d5 3.Nc3 Nf6 4.e5 Nfd7 5.f4 c5 6.Nf3 Nc6 7.Be2 cxd4 8.Nxd4 
Ndxe5 9.Bb5 Bd7 10.Nxe6 fxe6 11.fxe5 d4 12.Bxc6 Bxc6 13.Ne2 Bxg2 14.Rg1 
Qh4+ 15.Ng3 Qxh2 16.Qh5+ Qxh5 17.Nxh5 Be4 18.Nxg7+ Kf7 19.Bh6 Rc8 20.Rd1 
Bc5 21.Nh5 Rhg8 22.Rf1+ Bf5 23.Nf6 Rg2 24.Rd2 Bb4 25.c3 dxc3 26.Rxg2 cxb2+
27.Ke2 Rc2+ 28.Kf3 Rxg2 29.Kxg2 b1=Q 30.Rxb1 Bxb1 31.Be3 a5 32.Kf3 Kg6 33.
Ne4 Bxa2 34.Nd6 a4 35.Kg4 Bd5 36.Nc8 Bc3 37.Ne7+ Kf7 38.Nxd5 exd5 39.Bc5 
Bb2 40.Kf5 a3 41.e6+ Ke8 0-1

[Event "XXV Festival A"]
[Site "Arco ITA"]
[Date "2003.10.24"]
[Round "7"]
[White "Perich, Stefano"]
[Black "Dalponte, Dino"]
[Result "1/2-1/2"]
[WhiteElo "1984"]
[BlackElo "2134"]
[PlyCount "27"]
[EventDate "2003.10.18"]

1.d4 d5 2.Nf3 Nf6 3.g3 c6 4.Bg2 Bf5 5.b3 e6 6.O-O Bd6 7.Bb2 O-O 8.c4 Qe7 
9.h3 Nbd7 10.Ne5 Bxb1 11.Rxb1 Rad8 12.Qc2 Ne8 13.e4 dxe4 14.Qxe4 1/2-1/2

[Event "XXV Festival A"]
[Site "Arco ITA"]
[Date "2003.10.24"]
[Round "7"]
[White "Proietti, Giorgio"]
[Black "Ricci, Alfredo"]
[Result "0-1"]
[WhiteElo "1891"]
[BlackElo "2029"]
[PlyCount "46"]
[EventDate "2003.10.18"]

1.d4 Nf6 2.c4 g6 3.Nc3 d5 4.cxd5 Nxd5 5.e4 Nxc3 6.bxc3 c5 7.Be3 Bg7 8.Nf3 
Nc6 9.Qd2 Qa5 10.Rc1 Bg4 11.d5 Bxf3 12.dxc6 Bxe4 13.Qd7+ Kf8 14.cxb7 Rd8 
15.Bd2 Qb6 16.Qa4 Bxb7 17.Qc2 h5 18.h3 Rxd2 19.Qxd2 Bh6 20.f4 Qc7 21.Rd1 
Kg7 22.Qd7 Qxf4 23.Qd3 Rd8 0-1

[Event "XXV Festival A"]
[Site "Arco ITA"]
[Date "2003.10.24"]
[Round "7"]
[White "Rotstein, Arkadij"]
[Black "Friedrich, Norbert"]
[Result "1-0"]
[WhiteElo "2533"]
[BlackElo "2252"]
[PlyCount "87"]
[EventDate "2003.10.18"]

1.c4 c6 2.Nf3 d5 3.e3 Nf6 4.Qc2 Nbd7 5.Nc3 e6 6.b3 Bd6 7.Bb2 O-O 8.Be2 Qe7
9.O-O Re8 10.d4 b6 11.e4 Nxe4 12.Nxe4 dxe4 13.Qxe4 Bb7 14.Rad1 Rad8 15.Bd3
f5 16.Qe2 c5 17.d5 exd5 18.Qxe7 Rxe7 19.cxd5 g6 20.Bc4 h6 21.Rfe1 Rxe1+ 
22.Rxe1 Bc8 23.h4 Nf8 24.Bf6 Rd7 25.Ne5 Rc7 26.Nc6 Rd7 27.Be7 Bb7 28.Bxd6 
Rxd6 29.Re7 Nd7 30.Nxa7 Kf8 31.Re1 Nf6 32.Nb5 Rd7 33.Re6 Kg7 34.Rxb6 Bxd5 
35.Bxd5 Rxd5 36.Rd6 Re5 37.Kf1 Re4 38.g3 f4 39.Nc3 Re5 40.gxf4 Rf5 41.Ne2 
Kf7 42.a4 Ke7 43.Rd1 Ke6 44.b4 1-0

[Event "XXV Festival A"]
[Site "Arco ITA"]
[Date "2003.10.24"]
[Round "7"]
[White "Slobodjan, Roman"]
[Black "Isonzo, David"]
[Result "1-0"]
[WhiteElo "2513"]
[BlackElo "2349"]
[PlyCount "59"]
[EventDate "2003.10.18"]

1.e4 c5 2.Nc3 d6 3.f4 g6 4.Nf3 Bg7 5.Bb5+ Bd7 6.O-O Bxb5 7.Nxb5 a6 8.Nc3 
Nc6 9.d3 Nf6 10.Kh1 O-O 11.Qe1 Nd4 12.Nxd4 cxd4 13.Ne2 Rc8 14.Nxd4 e5 15.
Ne2 Rxc2 16.Qd1 Rc8 17.Qb3 d5 18.fxe5 Ng4 19.d4 Qh4 20.Qg3 Qxg3 21.Nxg3 
Rc4 22.h3 Nh6 23.exd5 Rxd4 24.d6 Rd3 25.Bxh6 Bxh6 26.Ne4 Bg7 27.Rad1 Rxd1 
28.Rxd1 Bxe5 29.d7 Bc7 30.Nf6+ 1-0

[Event "XXV Festival A"]
[Site "Arco ITA"]
[Date "2003.10.24"]
[Round "7"]
[White "Swinkels, Jos"]
[Black "Stull, Norbert"]
[Result "1/2-1/2"]
[WhiteElo "1991"]
[BlackElo "2114"]
[PlyCount "120"]
[EventDate "2003.10.18"]

1.e4 c5 2.Nf3 Nc6 3.d4 cxd4 4.Nxd4 Qc7 5.Be3 e6 6.Qd2 Nf6 7.f3 d5 8.Nc3 
Bb4 9.Ndb5 Qa5 10.Rd1 O-O 11.a3 Bxc3 12.Qxc3 Qxc3+ 13.Nxc3 dxe4 14.Nxe4 
Nxe4 15.fxe4 e5 16.Be2 Be6 17.O-O Rfd8 18.Rxd8+ Rxd8 19.Rd1 Rxd1+ 20.Bxd1 
b6 21.Kf2 Ne7 22.c3 Nc8 23.Bc2 Nd6 24.Bc1 g6 25.g3 Bd7 26.b3 Bc6 27.Ke3 f5
28.exf5 gxf5 29.c4 Kf7 30.Bd2 Ke6 31.Be1 a5 32.Bd3 Be4 33.b4 Bxd3 34.Kxd3 
axb4 35.axb4 f4 36.gxf4 exf4 37.Bf2 b5 38.c5 Nc4 39.Ke4 Na3 40.Be1 Nc2 41.
Bd2 f3 42.Kxf3 Nd4+ 43.Ke4 Nc6 44.Be1 Ne5 45.h3 Nc6 46.Bd2 Ne7 47.Kf4 Nc6 
48.Kg5 Kf7 49.Kf5 Ke7 50.Be1 Kf7 51.Bh4 Nxb4 52.Ke5 Na6 53.c6 b4 54.Kd4 
Ke6 55.Bg3 b3 56.Kc3 Nc5 57.Bh2 h5 58.Kb2 h4 59.Ka3 Ke7 60.Bg1 Nd3 1/2-1/2

[Event "XXV Festival A"]
[Site "Arco ITA"]
[Date "2003.10.24"]
[Round "7"]
[White "Swinkels, Robin"]
[Black "Del Nevo, Claudio"]
[Result "1/2-1/2"]
[WhiteElo "2170"]
[BlackElo "1743"]
[PlyCount "34"]
[EventDate "2003.10.18"]

1.e4 d6 2.d4 Nf6 3.Nc3 g6 4.Be3 Bg7 5.f3 a6 6.Qd2 b5 7.g4 Bb7 8.O-O-O Nbd7
9.h4 c5 10.Nge2 Qa5 11.dxc5 b4 12.Nb1 Nxc5 13.Nd4 Rc8 14.Nb3 Nxb3+ 15.axb3
Qc7 16.Bd3 Nd7 17.Qe2 Qa5 1/2-1/2

[Event "XXV Festival A"]
[Site "Arco ITA"]
[Date "2003.10.24"]
[Round "7"]
[White "Valenti, Giuseppe"]
[Black "Trauth, Michael"]
[Result "0-1"]
[WhiteElo "2305"]
[BlackElo "2202"]
[PlyCount "60"]
[EventDate "2003.10.18"]

1.e4 c5 2.Nf3 Nc6 3.d4 cxd4 4.Nxd4 g6 5.Nc3 Bg7 6.Be3 Nf6 7.Bc4 O-O 8.Bb3 
a5 9.f3 d5 10.Bxd5 Nxd5 11.exd5 Nb4 12.Nde2 Bf5 13.Rc1 b5 14.a3 Nxc2+ 15.
Rxc2 Bxc2 16.Qxc2 b4 17.Nb5 Qxd5 18.Nc7 Rfc8 19.Nxd5 Rxc2 20.axb4 axb4 21.
Kf2 Rxb2 22.Nxe7+ Kh8 23.Rd1 h6 24.Nd5 Raa2 25.Re1 b3 26.Bc1 Rb1 27.Nb4 
Bc3 28.Bd2 Bd4+ 29.Nxd4 Rxd2+ 30.Ke3 Rxe1+ 0-1

[Event "XXV Festival A"]
[Site "Arco ITA"]
[Date "2003.10.24"]
[Round "7"]
[White "Visser, Eddy"]
[Black "Astengo, Corrado"]
[Result "1/2-1/2"]
[WhiteElo "2111"]
[BlackElo "2166"]
[PlyCount "154"]
[EventDate "2003.10.18"]

1.e4 e6 2.d3 d5 3.Nd2 Nf6 4.Ngf3 c5 5.g3 b6 6.exd5 exd5 7.Bg2 Nc6 8.O-O 
Be7 9.Re1 O-O 10.c4 h6 11.cxd5 Nxd5 12.a3 Be6 13.d4 Rc8 14.dxc5 bxc5 15.
Ne4 Qd7 16.Bd2 Rfd8 17.Rc1 Nd4 18.Nxd4 cxd4 19.Ba5 Rxc1 20.Qxc1 Rc8 21.Qd1
Qb5 22.b4 Nc3 23.Nxc3 dxc3 24.Be4 Bf6 25.Bc2 Bf5 26.a4 Bxc2 27.Qxc2 Qd5 
28.b5 g6 29.h4 Kg7 30.Re3 Bd4 31.Rd3 Qe5 32.Kh2 h5 33.Bb4 Qe4 34.a5 Be5 
35.Ba3 Qxh4+ 36.Kg1 Qe4 37.b6 axb6 38.axb6 Qb7 39.Re3 Bf6 40.Bb4 Qxb6 41.
Bxc3 Kh7 42.Qd2 Bxc3 43.Rxc3 Qb4 44.Rd3 Qxd2 45.Rxd2 g5 46.Rd4 Kg6 47.Kg2 
Rc2 48.Ra4 g4 49.Rb4 Kg5 50.Rb5+ f5 51.Ra5 Rc3 52.Rb5 Rf3 53.Rb8 Ra3 54.
Rb5 Ra6 55.Rc5 Rf6 56.f3 gxf3+ 57.Kxf3 Ra6 58.Rc4 Ra3+ 59.Kg2 Re3 60.Ra4 
Re4 61.Ra8 h4 62.gxh4+ Kxh4 63.Kf3 Kg5 64.Ra6 Rb4 65.Ra3 Rh4 66.Kg3 f4+ 
67.Kg2 Kg4 68.Rb3 Rh5 69.Ra3 Rb5 70.Kf2 Rb2+ 71.Kf1 f3 72.Ra8 Kg3 73.Rg8+ 
Kf4 74.Rf8+ Kg3 75.Rg8+ Kf4 76.Rf8+ Kg3 77.Rg8+ Kf4 1/2-1/2

[Event "XXV Festival A"]
[Site "Arco ITA"]
[Date "2003.10.24"]
[Round "7"]
[White "Wohl, Aleksandar H."]
[Black "Medancic, Rikard"]
[Result "1-0"]
[WhiteElo "2379"]
[BlackElo "2275"]
[PlyCount "67"]
[EventDate "2003.10.18"]

1.d4 Nf6 2.c3 g6 3.Bg5 Bg7 4.Nd2 d5 5.e3 Nbd7 6.Ngf3 O-O 7.Be2 Re8 8.O-O 
c6 9.c4 Qa5 10.a3 c5 11.cxd5 Nxd5 12.e4 h6 13.Nc4 Qd8 14.Bc1 N5b6 15.d5 
Nxc4 16.Bxc4 Qb6 17.Rb1 Qf6 18.b4 cxb4 19.Bb2 Qb6 20.e5 bxa3 21.Bxa3 Qc7 
22.Rc1 Qa5 23.Bb2 Qb4 24.Bd4 Nb6 25.Be2 Bd7 26.e6 Ba4 27.exf7+ Kxf7 28.Qd3
Qb3 29.Qe4 Bd7 30.Ne5+ Bxe5 31.Qxe5 Rg8 32.Rfe1 Kf8 33.Bc4 Qb4 34.d6 1-0

[Event "XXV Festival A"]
[Site "Arco ITA"]
[Date "2003.10.25"]
[Round "8"]
[White "Astengo, Corrado"]
[Black "Del Nevo, Claudio"]
[Result "1/2-1/2"]
[WhiteElo "2166"]
[BlackElo "1743"]
[PlyCount "40"]
[EventDate "2003.10.18"]

1.e4 d6 2.d4 Nf6 3.Nc3 g6 4.g3 Bg7 5.Bg2 c6 6.Nge2 O-O 7.O-O Nbd7 8.h3 Qc7
9.a4 a6 10.f4 e5 11.dxe5 dxe5 12.f5 b5 13.axb5 cxb5 14.g4 Bb7 15.g5 Nh5 
16.f6 Bh8 17.Bf3 Nf4 18.Bxf4 exf4 19.Qc1 Qc5+ 20.Kh1 Qxg5 1/2-1/2

[Event "XXV Festival A"]
[Site "Arco ITA"]
[Date "2003.10.25"]
[Round "8"]
[White "Astengo, Marcello"]
[Black "Swinkels, Robin"]
[Result "0-1"]
[WhiteElo "2066"]
[BlackElo "2170"]
[PlyCount "46"]
[EventDate "2003.10.18"]

1.d4 Nf6 2.c4 g6 3.Nc3 d5 4.Bg5 Ne4 5.Nxe4 dxe4 6.e3 Bg7 7.Qd2 c5 8.d5 Qd6
9.O-O-O O-O 10.Ne2 a6 11.Nc3 f5 12.g4 Bxc3 13.Qxc3 fxg4 14.Bh6 Rf7 15.Be2 
Qf6 16.Rhg1 Qxc3+ 17.bxc3 Nd7 18.d6 e6 19.Bxg4 Ne5 20.Bh3 Bd7 21.Bf1 Rxf2 
22.Rd2 Rxd2 23.Kxd2 Nf3+ 0-1

[Event "XXV Festival A"]
[Site "Arco ITA"]
[Date "2003.10.25"]
[Round "8"]
[White "Blasco, Domenico"]
[Black "Swinkels, Jos"]
[Result "0-1"]
[WhiteElo "2040"]
[BlackElo "1991"]
[PlyCount "101"]
[EventDate "2003.10.18"]

1.Nf3 Nf6 2.g3 d5 3.Bg2 c5 4.O-O Nc6 5.d3 e6 6.Nbd2 Be7 7.e4 O-O 8.e5 Nd7 
9.Re1 Qc7 10.Qe2 Re8 11.Nf1 f6 12.exf6 Bxf6 13.Ne3 Nde5 14.Nxe5 Nxe5 15.f4
Ng6 16.Nxd5 Bd4+ 17.Kh1 Qf7 18.c3 Rd8 19.cxd4 exd5 20.dxc5 Bf5 21.Be3 Qd7 
22.d4 Re8 23.Qd2 Be4 24.Bf2 Bxg2+ 25.Kxg2 Qg4 26.Qd1 Nxf4+ 27.Kh1 Nh3 28.
Bg1 Rxe1 29.Qxg4 Rxg1+ 30.Rxg1 Nf2+ 31.Kg2 Nxg4 32.b4 Kf7 33.h3 Nf6 34.Kf3
Ke7 35.Kf4 Kd7 36.g4 Re8 37.Rd1 Re4+ 38.Kf3 h6 39.b5 b6 40.Rd3 Kc7 41.Ra3 
Kb8 42.c6 Ne8 43.Rd3 Nc7 44.a4 a6 45.bxa6 Nxa6 46.h4 Kc7 47.h5 Nb4 48.Re3 
Rxe3+ 49.Kxe3 Nxc6 50.Kf4 Kd7 51.Kf5 0-1

[Event "XXV Festival A"]
[Site "Arco ITA"]
[Date "2003.10.25"]
[Round "8"]
[White "Borin, Fabio"]
[Black "Bondielli, Giorgio"]
[Result "1/2-1/2"]
[WhiteElo "2189"]
[BlackElo "2019"]
[PlyCount "88"]
[EventDate "2003.10.18"]

1.e4 e5 2.Nf3 Nf6 3.Nxe5 d6 4.Nf3 Nxe4 5.Nc3 Nxc3 6.dxc3 Nc6 7.Bf4 Be7 8.
Qd2 Be6 9.O-O-O Qd7 10.Ng5 Bxg5 11.Bxg5 f6 12.Bf4 a6 13.Bd3 Ne5 14.Be2 Qa4
15.a3 O-O-O 16.Qd4 Qxd4 17.cxd4 Ng6 18.Bg3 Bd5 19.f3 Rhe8 20.Bd3 Re7 21.h4
Rde8 22.h5 Nf8 23.Bh4 h6 24.Bf2 Bg8 25.c4 Bh7 26.Kd2 Kd7 27.Rde1 Rxe1 28.
Rxe1 Rxe1 29.Bxe1 Bxd3 30.Kxd3 Ke6 31.Ke4 f5+ 32.Kf4 g5+ 33.hxg6 Nxg6+ 34.
Ke3 c6 35.Bg3 d5 36.c5 Kf6 37.Bf4 h5 38.Bc7 Ke6 39.Bd8 Kd7 40.Bg5 Ke6 41.
b3 Kd7 42.Bf4 Nf8 43.Bb8 Ng6 44.Bg3 Ke6 1/2-1/2

[Event "XXV Festival A"]
[Site "Arco ITA"]
[Date "2003.10.25"]
[Round "8"]
[White "Burg, Twan"]
[Black "Crippa, Gabriele"]
[Result "1/2-1/2"]
[WhiteElo "2050"]
[BlackElo "2129"]
[PlyCount "58"]
[EventDate "2003.10.18"]

1.e4 e6 2.d4 d5 3.Nd2 Nf6 4.e5 Nfd7 5.Bd3 c5 6.c3 Nc6 7.Ne2 cxd4 8.cxd4 f6
9.exf6 Nxf6 10.Nf3 Bd6 11.O-O Qc7 12.Ng3 O-O 13.Bg5 Qf7 14.Qb1 Bd7 15.a3 
Be8 16.b4 h6 17.Be3 Nh5 18.Qc2 Nf4 19.Bxf4 Qxf4 20.Rad1 Rc8 21.Qc1 Qf6 22.
Qb2 Bg6 23.Bxg6 Qxg6 24.Qe2 Ne7 25.Rc1 Bf4 26.Ne5 Bxe5 27.Qxe5 Nc6 28.Qe3 
Qf6 29.Rfd1 a6 1/2-1/2

[Event "XXV Festival A"]
[Site "Arco ITA"]
[Date "2003.10.25"]
[Round "8"]
[White "Casagrande, Fabio"]
[Black "Di Lazzaro, Gabriele"]
[Result "1-0"]
[WhiteElo "2042"]
[BlackElo "2013"]
[PlyCount "115"]
[EventDate "2003.10.18"]

1.e4 c5 2.c3 e6 3.d4 d5 4.exd5 Qxd5 5.Nf3 Nf6 6.Na3 Bd7 7.Nb5 Na6 8.Be3 
cxd4 9.Nbxd4 Nc7 10.Be2 Ng4 11.Bd2 e5 12.Nc2 Bd6 13.h3 Nf6 14.c4 Qe6 15.
O-O O-O 16.Ne3 e4 17.Nh2 Qe5 18.f4 exf3 19.Nxf3 Qe7 20.b4 Bxb4 21.Bxb4 
Qxe3+ 22.Kh1 Rfe8 23.Bd3 Bc6 24.Re1 Qh6 25.Bd2 Qh5 26.Ng5 Qh4 27.Nf3 Qg3 
28.Rf1 Rad8 29.Bc3 Rf8 30.Bxf6 gxf6 31.Qc2 Qg7 32.Be4 Ne6 33.Bxc6 bxc6 34.
Qe4 c5 35.Nh4 Rd4 36.Qe1 Qg5 37.Nf3 Qg6 38.Nxd4 Nxd4 39.Qf2 f5 40.Rae1 Rb8
41.Re3 Kf8 42.Qg3 Rb2 43.Qxg6 hxg6 44.Ra3 Rc2 45.Rxa7 Rxc4 46.Rb1 Nc6 47.
Rc7 Ne5 48.Re1 Nd3 49.Ree7 Kg7 50.Rxf7+ Kh6 51.Rfd7 Nf2+ 52.Kg1 Rc2 53.a4 
Ne4 54.Rc6 Rc1+ 55.Kh2 f4 56.Rf7 Rf1 57.a5 Ng3 58.Rxf4 1-0

[Event "XXV Festival A"]
[Site "Arco ITA"]
[Date "2003.10.25"]
[Round "8"]
[White "Cebalo, Miso"]
[Black "Karpatchev, Aleksandr"]
[Result "1/2-1/2"]
[WhiteElo "2486"]
[BlackElo "2459"]
[PlyCount "66"]
[EventDate "2003.10.18"]

1.d4 d5 2.Nf3 Nf6 3.c4 dxc4 4.e3 a6 5.Bxc4 e6 6.O-O c5 7.Bb3 Nc6 8.Qe2 Qc7
9.Rd1 Bd6 10.dxc5 Bxc5 11.Nc3 b5 12.Bd2 Bb7 13.Rac1 Qb6 14.e4 Ng4 15.Be1 
O-O 16.h3 Nge5 17.Nxe5 Nxe5 18.Qh5 f6 19.a4 Rad8 20.axb5 axb5 21.Rxd8 Rxd8
22.Rd1 Rf8 23.Qe2 Ba6 24.Qd2 Be7 25.Qd4 Rb8 26.Qxb6 Rxb6 27.f4 Nc4 28.Bf2 
Rc6 29.Rd7 Kf8 30.Ne2 Bc8 31.Ra7 Nd2 32.Nd4 Rc1+ 33.Kh2 Nf1+ 1/2-1/2

[Event "XXV Festival A"]
[Site "Arco ITA"]
[Date "2003.10.25"]
[Round "8"]
[White "Cetkovic, Sergio"]
[Black "Zucchelli, Massimo"]
[Result "1/2-1/2"]
[WhiteElo "2106"]
[BlackElo "2178"]
[PlyCount "39"]
[EventDate "2003.10.18"]

1.d4 Nf6 2.Nf3 e6 3.Bg5 c5 4.Bxf6 Qxf6 5.e3 Qd8 6.c3 Be7 7.Bd3 d6 8.O-O 
Nd7 9.Nbd2 b6 10.Qe2 Bb7 11.Rfe1 O-O 12.e4 Qc7 13.Rad1 Rac8 14.h3 Bf6 15.
Qe3 a6 16.Nf1 b5 17.Ng3 cxd4 18.cxd4 Qb6 19.Nh5 e5 20.Nxf6+ 1/2-1/2

[Event "XXV Festival A"]
[Site "Arco ITA"]
[Date "2003.10.25"]
[Round "8"]
[White "Dalponte, Dino"]
[Black "Allegranti, Luca"]
[Result "1/2-1/2"]
[WhiteElo "2134"]
[BlackElo "1988"]
[PlyCount "26"]
[EventDate "2003.10.18"]

1.d4 f5 2.Nf3 Nf6 3.g3 e6 4.Bg5 Be7 5.e3 b6 6.Nbd2 Bb7 7.Bd3 O-O 8.Qe2 c5 
9.O-O Ne4 10.Bxe7 Qxe7 11.Ne1 d5 12.Rd1 Nd7 13.f4 Rf6 1/2-1/2

[Event "XXV Festival A"]
[Site "Arco ITA"]
[Date "2003.10.25"]
[Round "8"]
[White "De Napoli, Giuseppe"]
[Black "Valenti, Giuseppe"]
[Result "0-1"]
[WhiteElo "2159"]
[BlackElo "2305"]
[PlyCount "80"]
[EventDate "2003.10.18"]

1.d4 Nf6 2.Nf3 e6 3.e3 b6 4.Bd3 Bb7 5.Nbd2 c5 6.O-O Be7 7.Qe2 Qc7 8.c3 Nc6
9.a3 d5 10.e4 cxd4 11.cxd4 dxe4 12.Nxe4 Rd8 13.Be3 O-O 14.Rac1 Qb8 15.Rfd1
h6 16.Bb1 Rfe8 17.Nxf6+ Bxf6 18.Qc2 g6 19.Bxh6 Nxd4 20.Nxd4 Bxd4 21.Qe2 
Qd6 22.Be4 Qe5 23.Bf3 Bxf3 24.Qxf3 Bxb2 25.Re1 Qd5 26.Qxd5 Rxd5 27.Rc7 
Bxa3 28.Rxa7 Bc5 29.Ra2 g5 30.h4 gxh4 31.Be3 Kg7 32.Ra4 Rh8 33.Bxc5 bxc5 
34.Re3 Rd4 35.Ra5 Rc8 36.Rc3 c4 37.Ra4 Kf6 38.Rf3+ Ke5 39.Rxf7 c3 40.f4+ 
Ke4 0-1

[Event "XXV Festival A"]
[Site "Arco ITA"]
[Date "2003.10.25"]
[Round "8"]
[White "Di Paolo, Raffaele"]
[Black "Popa, Claudiu"]
[Result "1/2-1/2"]
[WhiteElo "2325"]
[BlackElo "2175"]
[PlyCount "101"]
[EventDate "2003.10.18"]

1.e4 e5 2.Nf3 Nc6 3.Bb5 g6 4.O-O Bg7 5.c3 d6 6.d4 Bd7 7.d5 Nce7 8.Bxd7+ 
Qxd7 9.c4 Nf6 10.Nc3 O-O 11.c5 Ne8 12.cxd6 Nxd6 13.Be3 h6 14.Nd2 f5 15.f3 
fxe4 16.fxe4 Rxf1+ 17.Qxf1 g5 18.Qe2 Ng6 19.g3 b6 20.Qh5 Nf8 21.a4 a5 22.
Nd1 Nh7 23.Nf2 Nf6 24.Qd1 Rf8 25.Rc1 Rf7 26.Rc6 Bf8 27.Nc4 Nxc4 28.Rxc4 
Bd6 29.Kg2 Kg7 30.h3 Kg6 31.Rc6 Re7 32.Bd2 Kg7 33.Bc3 Qe8 34.Qf3 Qg6 35.g4
h5 36.Qf5 Nd7 37.Qxg6+ Kxg6 38.gxh5+ Kxh5 39.Ng4 Nc5 40.Ne3 Nxe4 41.Nf5 
Rf7 42.Nxd6 cxd6 43.Rxb6 Rf2+ 44.Kg1 Rf3 45.Bxa5 Rxh3 46.Be1 Re3 47.Kf1 g4
48.a5 g3 49.a6 Rxe1+ 50.Kg2 Re2+ 51.Kg1 1/2-1/2